[Event "Women's Speed Chess Q3"]
[Site "chess.com INT"]
[Date "2021.05.30"]
[Round "2"]
[White "Farhat Willemstein, Stela Souza"]
[Black "Chu, Ruotong"]
[Result "0-1"]
[WhiteTitle "WFM"]
[BlackTitle "WIM"]
[WhiteElo "1758"]
[BlackElo "2207"]
[WhiteFideId "2109808"]
[BlackFideId "8605653"]
[EventDate "2021.05.30"]

1. e4 c5 2. Nf3 e6 3. d4 cxd4 4. Nxd4 Nc6 5. Nc3 Qc7 6. Be3 Nf6 7. f3 a6 8. Qd2
Ne5 9. O-O-O Bb4 10. Bf4 d6 11. a3 Bxc3 12. Qxc3 Qxc3 13. bxc3 Bd7 14. Kb2 b5
15. Bxe5 dxe5 16. Nb3 Ke7 17. Rd2 Rhc8 0-1

[Event "Women's Speed Chess Q3"]
[Site "chess.com INT"]
[Date "2021.05.30"]
[Round "2"]
[White "Bommini, Mounika Akshaya"]
[Black "Kiolbasa, Oliwia"]
[Result "0-1"]
[WhiteTitle "WFM"]
[BlackTitle "WIM"]
[WhiteElo "2029"]
[BlackElo "2255"]
[WhiteFideId "25019872"]
[BlackFideId "1154613"]
[EventDate "2021.05.30"]

1. d4 d5 2. c4 e6 3. Nc3 Nf6 4. cxd5 exd5 5. Bg5 c6 6. e3 Nbd7 7. Bd3 Be7 8.
Nge2 Nh5 9. Bxe7 Qxe7 10. O-O O-O 11. Re1 Nhf6 12. Ng3 c5 13. Nf5 Qe6 14. Qf3
Re8 15. Qg3 Nh5 16. Qg5 g6 17. Nh6+ Kh8 18. Nxd5 f6 19. Qh4 Qxd5 20. g4 Ng7 21.
Bxg6 hxg6 22. Nf7+ Kg8 23. Nh6+ Kf8 24. e4 Qxd4 25. g5 Ne5 26. gxf6 Nf3+ 27. Kh1
Nxh4 28. fxg7+ Kxg7 0-1

[Event "Women's Speed Chess Q3"]
[Site "chess.com INT"]
[Date "2021.05.30"]
[Round "2"]
[White "Batsiashvili, Nino"]
[Black "Swati, Mohota"]
[Result "1-0"]
[WhiteTitle "GM"]
[BlackTitle "WFM"]
[WhiteElo "2491"]
[BlackElo "2027"]
[WhiteFideId "13602993"]
[BlackFideId "5006511"]
[EventDate "2021.05.30"]

1. d4 Nf6 2. c4 e6 3. Nc3 d5 4. Nf3 Be7 5. Bf4 O-O 6. e3 b6 7. cxd5 Nxd5 8. Bd3
Nxf4 9. exf4 Bb7 10. O-O c5 11. dxc5 Bxc5 12. Qe2 Nd7 13. Rad1 Bxf3 14. Qxf3 Qc7
15. Ne4 Be7 16. Rc1 Qb8 17. Rfd1 Nc5 18. Nxc5 Bxc5 19. Be4 Rd8 20. Rxd8+ Qxd8
21. Bxa8 g6 22. a3 Qd4 23. b4 Qb2 24. Rd1 Be7 25. h3 Bf6 26. Be4 a5 27. bxa5
bxa5 28. Qd3 Kg7 29. g3 Qb6 30. Kg2 a4 31. h4 Qb3 32. Qxb3 axb3 33. a4 b2 34.
Rb1 1-0

[Event "Women's Speed Chess Q3"]
[Site "chess.com INT"]
[Date "2021.05.30"]
[Round "2"]
[White "Nanditha, V"]
[Black "Kiran, Manisha Mohanty"]
[Result "0-1"]
[WhiteTitle "WCM"]
[BlackTitle "WGM"]
[WhiteElo "1666"]
[BlackElo "2168"]
[WhiteFideId "46626697"]
[BlackFideId "5019575"]
[EventDate "2021.05.30"]

1. e4 c5 2. Nf3 d6 3. d4 cxd4 4. Nxd4 Nf6 5. Nc3 Nc6 6. Be3 Ng4 7. Bg5 h6 8. Bh4
g5 9. Bg3 Bg7 10. Nxc6 bxc6 11. Be2 h5 12. h3 h4 13. hxg4 hxg3 14. Rxh8+ Bxh8
15. fxg3 Qb6 16. Rb1 Be5 17. Qd3 Be6 18. Kd2 Rb8 19. Nd1 Qa5+ 20. c3 Qxa2 21.
Rc1 Qa4 22. Rc2 Ba2 23. Rc1 Bb3 24. Nf2 Be6 25. Bd1 Rxb2+ 26. Ke3 Qa5 27. Bf3
Qc5+ 28. Qd4 Bxd4+ 29. cxd4 Qxc1+ 0-1

[Event "Women's Speed Chess Q3"]
[Site "chess.com INT"]
[Date "2021.05.30"]
[Round "2"]
[White "Voit, Daria"]
[Black "Nguyen, Thi Thanh An"]
[Result "1-0"]
[WhiteTitle "WGM"]
[BlackTitle "WGM"]
[WhiteElo "2360"]
[BlackElo "2259"]
[WhiteFideId "4182146"]
[BlackFideId "12400300"]
[EventDate "2021.05.30"]

1. Nf3 d5 2. g3 Nf6 3. Bg2 Bf5 4. O-O e6 5. d4 Be7 6. c4 c6 7. b3 O-O 8. Nh4 Be4
9. f3 Bg6 10. Nxg6 hxg6 11. e4 dxe4 12. fxe4 Nbd7 13. Bb2 Qc7 14. e5 Ne8 15. Nd2
Qb6 16. Qe2 c5 17. d5 Bg5 18. Kh1 Bxd2 19. Qxd2 Nc7 20. Rad1 Rad8 21. Qg5 Na6
22. Bc3 Nb4 23. Rd2 Na6 24. h4 Nb4 25. Be4 Na6 26. h5 gxh5 27. Qxh5 Nb4 28. Qh7# 1-0

[Event "Women's Speed Chess Q3"]
[Site "chess.com INT"]
[Date "2021.05.30"]
[Round "2"]
[White "Assaubayeva, Bibisara"]
[Black "Dauletova, Gulmira"]
[Result "1-0"]
[WhiteTitle "IM"]
[BlackTitle "WGM"]
[WhiteElo "2381"]
[BlackElo "2285"]
[WhiteFideId "13708694"]
[BlackFideId "13702971"]
[EventDate "2021.05.30"]

1. d4 Nf6 2. c4 e6 3. Nf3 d5 4. Nc3 Bb4 5. Qa4+ Nc6 6. e3 O-O 7. Bd2 dxc4 8.
Bxc4 Bd6 9. Qc2 e5 10. dxe5 Nxe5 11. Nxe5 Bxe5 12. O-O-O Qe7 13. Bd3 c6 14. f4
Bxc3 15. Bxc3 Qxe3+ 16. Kb1 h6 17. Rde1 Qxf4 18. Rhf1 Qg5 19. Bxf6 gxf6 20. Rf3
Kh8 21. Ref1 Be6 22. Rxf6 Rad8 23. Qc3 Kg8 24. R6f3 Rxd3 25. Qxd3 Kh8 26. Qc3+
Kh7 27. Rg3 Qd5 28. Qg7# 1-0

[Event "Women's Speed Chess Q3"]
[Site "chess.com INT"]
[Date "2021.05.30"]
[Round "2"]
[White "Petrova, Irina"]
[Black "Sliwicka, Alicja"]
[Result "0-1"]
[WhiteTitle "WIM"]
[BlackTitle "WIM"]
[WhiteElo "2110"]
[BlackElo "2346"]
[WhiteFideId "14124122"]
[BlackFideId "1150677"]
[EventDate "2021.05.30"]

1. e4 c5 2. Nf3 d6 3. Bb5+ Bd7 4. Bxd7+ Qxd7 5. c4 e5 6. Nc3 g6 7. d3 Bg7 8. O-O
Ne7 9. Rb1 O-O 10. a3 a5 11. b4 b6 12. bxc5 bxc5 13. Bd2 Nbc6 14. Nd5 Nxd5 15.
cxd5 Nd4 16. Nxd4 exd4 17. Qc2 f5 18. f3 fxe4 19. fxe4 Qg4 20. Rxf8+ Rxf8 21.
Bxa5 Bh6 22. h3 Be3+ 23. Kh1 Qg3 24. Qd1 Bf4 25. Qg1 Qxd3 26. a4 Be3 27. Qd1
Qxe4 28. Bc7 Rf2 29. Qg1 Ra2 30. Qh2 Qxb1+ 0-1

[Event "Women's Speed Chess Q3"]
[Site "chess.com INT"]
[Date "2021.05.30"]
[Round "2"]
[White "Szente Varga, Fruzsina"]
[Black "Cyfka, Karina"]
[Result "1-0"]
[WhiteTitle "WFM"]
[BlackTitle "IM"]
[WhiteElo "2100"]
[BlackElo "2415"]
[WhiteFideId "712264"]
[BlackFideId "1122681"]
[EventDate "2021.05.30"]

1. e4 e5 2. d4 exd4 3. Qxd4 Nc6 4. Qe3 Nf6 5. Bd2 Bb4 6. a3 Bxd2+ 7. Nxd2 O-O 8.
O-O-O Re8 9. f4 d6 10. h3 Qe7 11. Bd3 Bf5 12. Re1 d5 13. e5 Bxd3 14. Qxd3 Nh5
15. Ne2 Qh4 16. g4 Nxf4 17. Nxf4 Nxe5 18. Qxd5 c6 19. Qa5 Qf2 20. Rxe5 Qxf4 21.
Rhe1 Rf8 22. Rf5 Qg3 23. Qe5 Qxh3 24. Rg5 g6 25. Ne4 Rad8 26. Nf6+ Kg7 27. Nh5+
Kh6 28. Qg7+ Kxg5 29. Qf6+ Kh6 30. Qf4+ g5 31. Qf6# 1-0

[Event "Women's Speed Chess Q3"]
[Site "chess.com INT"]
[Date "2021.05.30"]
[Round "2"]
[White "Pavlidou, Ekaterini"]
[Black "Tokhirjonova, Gulrukhbegim"]
[Result "0-1"]
[WhiteTitle "WIM"]
[BlackTitle "WGM"]
[WhiteElo "2157"]
[BlackElo "2350"]
[WhiteFideId "4213262"]
[BlackFideId "14203626"]
[EventDate "2021.05.30"]

1. d4 e6 2. c4 d5 3. Nc3 Be7 4. cxd5 exd5 5. Bf4 c6 6. e3 Nf6 7. Nf3 O-O 8. Bd3
Bg4 9. O-O Qb6 10. h3 Bxf3 11. Qxf3 Qxb2 12. Rfc1 Nbd7 13. Rab1 Qa3 14. Rb3
Qxc1+ 15. Kh2 b5 16. e4 Qe1 17. e5 Ne4 18. Nxe4 dxe4 19. Bxe4 Rac8 20. Bxh7+
Kxh7 21. Qh5+ Kg8 22. Re3 Qb1 23. Rg3 Qh7 24. Qg4 Nb6 25. e6 f5 26. Qf3 Nd5 27.
Be5 Bf6 28. Qe2 Bxe5 29. Qxe5 Rce8 30. Ra3 Re7 31. Ra6 Qh6 32. Rxc6 Qf4+ 33. g3
Qxe5 0-1

[Event "Women's Speed Chess Q3"]
[Site "chess.com INT"]
[Date "2021.05.30"]
[Round "2"]
[White "Atalik, Ekaterina"]
[Black "Kanyamarala, Trisha"]
[Result "1-0"]
[WhiteTitle "IM"]
[BlackTitle "WIM"]
[WhiteElo "2430"]
[BlackElo "2180"]
[WhiteFideId "4130189"]
[BlackFideId "45004722"]
[EventDate "2021.05.30"]

1. Nf3 d5 2. e3 Nf6 3. c4 e6 4. Nc3 c5 5. cxd5 exd5 6. d4 Nc6 7. Bb5 a6 8. Bxc6+
bxc6 9. O-O Be7 10. b3 O-O 11. Bb2 cxd4 12. Nxd4 Bb7 13. Rc1 Rc8 14. Na4 c5 15.
Nf5 Re8 16. Nxe7+ Qxe7 17. Nb6 Rc7 18. Bxf6 Qxf6 19. Nxd5 Qg5 20. Nf4 h6 21. Rc4
Rce7 22. Qc2 Re5 23. Rc1 Rf5 24. Rxc5 Rxc5 25. Qxc5 Re5 26. Qb6 Be4 27. Qb8+ Kh7
28. h4 Qf5 29. Rc8 Ra5 30. Rh8# 1-0

[Event "Women's Speed Chess Q3"]
[Site "chess.com INT"]
[Date "2021.05.30"]
[Round "2"]
[White "Zakirova, Aisha"]
[Black "Derotas, Vic Glysen"]
[Result "0-1"]
[WhiteTitle "WCM"]
[WhiteElo "1585"]
[BlackElo "1830"]
[WhiteFideId "13719734"]
[BlackFideId "5216290"]
[EventDate "2021.05.30"]

1. d4 g6 2. e4 Bg7 3. c4 c5 4. d5 d6 5. Nc3 Nf6 6. Nge2 O-O 7. Ng3 Nbd7 8. Be2
a6 9. h4 h5 10. Be3 Rb8 11. O-O Ne5 12. Qd2 Bd7 13. a4 Re8 14. a5 b5 15. axb6
Qxb6 16. Ra2 a5 17. Rfa1 a4 18. Nxa4 Bxa4 19. Rxa4 Qxb2 20. Qxb2 Rxb2 21. Bf1
Nfg4 22. Bg5 Rxf2 23. Ra8 Rxa8 24. Rxa8+ Kh7 25. Bxe7 Rc2 26. Bxd6 Nxc4 27. Bxc4
Rxc4 28. Bf8 Rc1+ 29. Nf1 Bd4+ 30. Kh1 Rxf1# 0-1

[Event "Women's Speed Chess Q3"]
[Site "chess.com INT"]
[Date "2021.05.30"]
[Round "2"]
[White "Zhai, Mo"]
[Black "Nguyen, Hong Anh"]
[Result "0-1"]
[WhiteTitle "WGM"]
[BlackTitle "WIM"]
[WhiteElo "2366"]
[BlackElo "1993"]
[WhiteFideId "8600201"]
[BlackFideId "12406732"]
[EventDate "2021.05.30"]

1. d4 Nf6 2. c4 g6 3. Nc3 d5 4. cxd5 Nxd5 5. e4 Nxc3 6. bxc3 Bg7 7. Ba3 O-O 8.
Nf3 Nd7 9. Be2 c5 10. O-O Qa5 11. Qb3 cxd4 12. cxd4 Re8 13. Rfd1 Nf6 14. Bc4 e6
15. Re1 Bd7 16. Ne5 Ba4 17. Qe3 Rac8 18. Rab1 b6 19. Bb4 Ng4 20. Qe2 Nxe5 21.
dxe5 Qxe5 22. Ba6 Rcd8 23. Rbd1 Bxd1 24. Rxd1 Rxd1+ 25. Qxd1 Qxe4 26. a3 Qd4 27.
Qe1 Qa1 28. h3 Qxe1+ 29. Bxe1 Rd8 30. Bb4 Rd1+ 31. Kh2 Rc1 32. Bd6 Bc3 33. Bb8
Bd4 34. Kg3 Rc3+ 35. f3 Rxa3 36. Bc4 a5 0-1

[Event "Women's Speed Chess Q3"]
[Site "chess.com INT"]
[Date "2021.05.30"]
[Round "2"]
[White "Kulkarni, Bhakti"]
[Black "Starosta, Martyna"]
[Result "1-0"]
[WhiteTitle "IM"]
[BlackTitle "WCM"]
[WhiteElo "2391"]
[BlackElo "1910"]
[WhiteFideId "5019516"]
[BlackFideId "21818754"]
[EventDate "2021.05.30"]

1. d4 Nf6 2. Nf3 e6 3. e3 c5 4. Bd3 d5 5. b3 Nc6 6. O-O Bd6 7. Bb2 O-O 8. Nbd2
b6 9. Ne5 Bb7 10. f4 cxd4 11. exd4 Nd7 12. Ndf3 Ndxe5 13. fxe5 Be7 14. a3 Rc8
15. Qe2 Bg5 16. Nxg5 Qxg5 17. Rf3 g6 18. Raf1 Ne7 19. Rg3 Qh4 20. Rg4 Qh5 21.
Qf3 Nf5 22. Qf4 Kh8 23. h3 f6 24. exf6 Rxf6 25. Rg5 Rcf8 26. Rxh5 gxh5 27. Qe5
Bc8 28. Bc1 Kg8 29. g4 hxg4 30. hxg4 Rg6 31. Kh1 Rxg4 32. Rg1 Rxg1+ 33. Kxg1 Rf7
34. Bxf5 Rxf5 35. Qc7 Rf8 36. Bh6 Re8 37. Qg7# 1-0

[Event "Women's Speed Chess Q3"]
[Site "chess.com INT"]
[Date "2021.05.30"]
[Round "2"]
[White "Tarasova, Viktoriya"]
[Black "Shuvalova, Polina"]
[Result "0-1"]
[WhiteTitle "WIM"]
[BlackTitle "IM"]
[WhiteElo "2226"]
[BlackElo "2484"]
[WhiteFideId "4175840"]
[BlackFideId "24171760"]
[EventDate "2021.05.30"]

1. d4 Nf6 2. c4 e6 3. Nc3 Bb4 4. Nf3 d5 5. cxd5 exd5 6. Bg5 O-O 7. e3 h6 8. Bh4
Re8 9. Bd3 c6 10. O-O Na6 11. Qc2 Nc7 12. a3 Bd6 13. b4 a6 14. Rab1 Bg4 15. Nd2
Nb5 16. a4 Na3 17. Qb3 Nxb1 18. Rxb1 Be7 19. h3 Be6 20. Bg3 Qd7 21. b5 axb5 22.
axb5 Bf5 23. Bxf5 Qxf5 24. bxc6 bxc6 25. Qb6 Qe6 26. Qb2 Bd6 27. Bxd6 Qxd6 28.
Qc2 Reb8 29. Rxb8+ Rxb8 30. Na4 Ra8 31. g3 h5 32. Nc5 h4 33. Kg2 hxg3 34. fxg3
Nh5 35. Nf1 Qf6 36. Qf2 Qxf2+ 37. Kxf2 Ra2+ 38. Kf3 Nf6 39. g4 Kf8 40. Ng3 g6
41. Ne2 Ke7 42. Nf4 Rh2 43. Kg3 Ra2 44. Nfd3 Ra3 45. Kf3 Ne4 46. Nxe4 dxe4+ 47.
Kxe4 f5+ 48. gxf5 gxf5+ 49. Kxf5 Rxd3 0-1

[Event "Women's Speed Chess Q3"]
[Site "chess.com INT"]
[Date "2021.05.30"]
[Round "2"]
[White "Franco Valencia, Angela"]
[Black "Varney, Zoe"]
[Result "1-0"]
[WhiteTitle "WIM"]
[BlackTitle "WCM"]
[WhiteElo "2089"]
[BlackElo "1917"]
[WhiteFideId "4403070"]
[BlackFideId "436135"]
[EventDate "2021.05.30"]

1. e4 e5 2. Nf3 Nc6 3. Bc4 Nf6 4. c3 Bc5 5. d3 O-O 6. b4 Bb6 7. a4 a6 8. b5 axb5
9. Bxb5 d6 10. O-O Bd7 11. Nbd2 Qe7 12. Nc4 Ba7 13. Be3 h6 14. h3 Bxe3 15. Nxe3
Ra7 16. Qb3 Rfa8 17. Rfb1 Be6 18. Qc2 Bd7 19. d4 exd4 20. cxd4 Na5 21. Bxd7 Qxd7
22. Nf5 Re8 23. e5 dxe5 24. dxe5 Nh7 25. Rd1 Qe6 26. Ng3 Qb6 27. Rab1 Qa6 28.
Qxc7 Nc6 29. Rd7 Rf8 30. e6 Ng5 31. Nxg5 hxg5 32. Rxf7 Rxf7 33. Qxf7+ Kh8 34.
Nf5 b6 35. Qe8+ Kh7 36. Qxc6 1-0

[Event "Women's Speed Chess Q3"]
[Site "chess.com INT"]
[Date "2021.05.30"]
[Round "2"]
[White "Zawadzka, Jolanta"]
[Black "Mrudul, Dehankar"]
[Result "1-0"]
[WhiteTitle "WGM"]
[BlackTitle "WIM"]
[WhiteElo "2399"]
[BlackElo "2256"]
[WhiteFideId "1122320"]
[BlackFideId "25096990"]
[EventDate "2021.05.30"]

1. e4 c5 2. Nc3 Nc6 3. Nge2 g6 4. d4 cxd4 5. Nxd4 Bg7 6. Be3 Nf6 7. f3 d6 8. Bc4
Bd7 9. O-O Rc8 10. a4 Ne5 11. Bb3 Nc4 12. Bxc4 Rxc4 13. Ndb5 a6 14. Na3 Rc8 15.
Qd2 O-O 16. Rab1 Qc7 17. Rfd1 Be6 18. Qf2 Nd7 19. Bd4 Nc5 20. Bxg7 Kxg7 21. Qd4+
Kg8 22. Nd5 Bxd5 23. exd5 Nd7 24. c3 Nf6 25. b4 Qxc3 26. Qxc3 Rxc3 27. Ra1 Rfc8
28. h3 Rb3 29. b5 Rcc3 30. bxa6 Rxa3 31. a7 Rxa1 32. a8=Q+ Rc8 33. Qxc8+ 1-0

[Event "Women's Speed Chess Q3"]
[Site "chess.com INT"]
[Date "2021.05.30"]
[Round "2"]
[White "Kazarian, Anna-Maja"]
[Black "Sviridova, Vlada"]
[Result "0-1"]
[WhiteTitle "FM"]
[BlackTitle "WFM"]
[WhiteElo "2096"]
[BlackElo "2144"]
[WhiteFideId "1033689"]
[BlackFideId "24109606"]
[EventDate "2021.05.30"]

1. e4 e6 2. d4 d5 3. exd5 exd5 4. c4 Nf6 5. Nc3 Bb4 6. Bd3 O-O 7. Ne2 dxc4 8.
Bxc4 Nbd7 9. O-O Nb6 10. Bd3 Re8 11. Bg5 h6 12. Bh4 Bg4 13. f3 Be6 14. Ne4 Be7
15. Bg3 Nbd5 16. Re1 Bb4 17. N2c3 Nxe4 18. fxe4 Nxc3 19. bxc3 Bxc3 20. d5 Bxe1
21. Qxe1 Bxd5 22. Qb4 Bc6 23. Rd1 a5 24. Qb1 Qe7 25. e5 Rad8 26. h3 Qc5+ 27. Kh2
Qc3 28. Bh7+ Kh8 29. Rxd8 Rxd8 30. Qf5 Bd5 31. Bf2 Be6 32. Qe4 Rd5 33. Bf5 Qxe5+
34. Qxe5 Rxe5 35. Bd3 Bd5 36. Bg3 Re3 37. Bf5 Re2 38. Bg4 Rxg2+ 0-1

[Event "Women's Speed Chess Q3"]
[Site "chess.com INT"]
[Date "2021.05.30"]
[Round "2"]
[White "Pourkashiyan, Atousa"]
[Black "Obregon Garcia, Roxangel"]
[Result "0-1"]
[WhiteTitle "WGM"]
[BlackTitle "WIM"]
[WhiteElo "2322"]
[BlackElo "2167"]
[WhiteFideId "12502014"]
[BlackFideId "3520420"]
[EventDate "2021.05.30"]

1. e4 c5 2. Nf3 Nc6 3. d4 cxd4 4. Nxd4 Nf6 5. Nc3 e6 6. Ndb5 Bc5 7. Be2 O-O 8.
O-O d6 9. Bf4 e5 10. Bg5 a6 11. Bxf6 Qxf6 12. Nd5 Qg6 13. Nbc3 Be6 14. Bh5 Qh6
15. Bg4 f5 16. Bxf5 Bxf5 17. exf5 Rxf5 18. Ne4 Raf8 19. Nxc5 dxc5 20. c3 Kh8 21.
Qe2 Rh5 22. h3 Rg5 23. Kh1 Qh4 24. Rad1 Rgf5 25. Rd2 e4 26. Ne3 Rf4 27. Kh2 Ne5
28. Rd5 Nf3+ 29. Kh1 Ng5 30. Rxg5 Qxg5 31. Ng4 h6 32. Ne3 Qf6 33. Ng4 Qf7 34.
Kg1 Re8 35. Qe3 Qf5 36. Qe2 h5 37. Ne3 Qg5 38. Rd1 Rf3 39. Rd5 Qg6 40. Rxc5 Rxh3
41. Rd5 Rh4 0-1

[Event "Women's Speed Chess Q3"]
[Site "chess.com INT"]
[Date "2021.05.30"]
[Round "2"]
[White "Vine, Elzbieta"]
[Black "Balabayeva, Xeniya"]
[Result "0-1"]
[WhiteTitle "WFM"]
[BlackTitle "WFM"]
[WhiteElo "2138"]
[BlackElo "2178"]
[WhiteFideId "1119320"]
[BlackFideId "13719688"]
[EventDate "2021.05.30"]

1. e4 c6 2. d4 d5 3. exd5 cxd5 4. Bd3 Nf6 5. h3 g6 6. Nf3 Bg7 7. O-O O-O 8. c3
Nc6 9. Bg5 Be6 10. Nbd2 Qc7 11. Re1 Rfe8 12. Ne5 Nxe5 13. dxe5 Nd7 14. f4 f6 15.
exf6 exf6 16. Bh4 Qxf4 17. Nf3 Qd6 18. Qd2 Bf7 19. Rf1 Nc5 20. Bc2 Rad8 21. Nd4
Ne4 22. Bxe4 dxe4 23. Qe3 f5 24. Bxd8 Rxd8 25. Rae1 Bxa2 26. b3 Bxd4 27. cxd4
Qxd4 28. Qxd4 Rxd4 29. Re3 Rd2 30. Rf2 Rxf2 31. Kxf2 Bb1 32. Kg3 Bd3 33. Kf4 Kf7
34. Ke5 Ke7 35. g3 h5 36. Kd5 Kf6 37. Kd6 g5 38. Kc7 f4 39. gxf4 gxf4 40. Re1 f3 0-1

[Event "Women's Speed Chess Q3"]
[Site "chess.com INT"]
[Date "2021.05.30"]
[Round "2"]
[White "Havanecz, Bianka"]
[Black "Tanishka, Kotia"]
[Result "1-0"]
[WhiteTitle "WIM"]
[BlackTitle "WFM"]
[WhiteElo "2257"]
[BlackElo "1849"]
[WhiteFideId "704814"]
[BlackFideId "25005600"]
[EventDate "2021.05.30"]

1. d4 Nf6 2. Nf3 g6 3. g3 Bg7 4. Bg2 O-O 5. O-O d5 6. c4 c6 7. Nc3 Nbd7 8. Qb3
Re8 9. cxd5 cxd5 10. Nxd5 Nxd5 11. Qxd5 Nb6 12. Qxd8 Rxd8 13. e3 Be6 14. b3 Rac8
15. Ba3 Nd5 16. Rac1 Nc3 17. Ra1 Bf5 18. Bxe7 Rd7 19. Bb4 Ne2+ 20. Kh1 Rc2 21.
Ne1 Rcc7 22. Bf3 Nc3 23. Bxc3 Rxc3 24. Kg2 Rdc7 25. h3 b6 26. g4 Bd7 27. Bd5 Bb5
28. Rg1 Bf8 29. Nf3 Rc2 30. Ne5 Bd6 31. Nc4 Bxc4 32. Bxc4 a6 33. Rgc1 Rxc1 34.
Rxc1 b5 35. f4 bxc4 36. Rxc4 Rb7 37. Rc6 a5 38. Rxd6 Rb4 39. Ra6 Rb5 40. Kf3 Kf8
41. e4 Ke7 42. d5 f6 43. Ke3 Rc5 44. Kd4 Rb5 45. Ra7+ Kd6 46. e5+ fxe5+ 47.
fxe5# 1-0

[Event "Women's Speed Chess Q3"]
[Site "chess.com INT"]
[Date "2021.05.30"]
[Round "2"]
[White "Zuriel, Marisa"]
[Black "Zhuravleva, Olga"]
[Result "1-0"]
[WhiteTitle "WIM"]
[BlackTitle "WIM"]
[WhiteElo "2203"]
[BlackElo "2278"]
[WhiteFideId "109142"]
[BlackFideId "4145933"]
[EventDate "2021.05.30"]

1. e4 e5 2. Nf3 Nc6 3. Bc4 Nf6 4. O-O Bc5 5. d3 d5 6. exd5 Nxd5 7. Re1 O-O 8.
Nc3 Nb6 9. Bb3 Bg4 10. h3 Bh5 11. Ne4 Bd6 12. g4 Bg6 13. Bg5 Qd7 14. a4 a5 15.
Nh4 Nd4 16. Ba2 Kh8 17. c3 Ne6 18. Be3 f6 19. Qf3 Ng5 20. Qg2 Nxe4 21. dxe4 Bf7
22. b3 Nc8 23. Rad1 Ne7 24. c4 Qc6 25. Nf5 Ng6 26. c5 Bxc5 27. Rc1 b6 28. h4 Nf4
29. Bxf4 exf4 30. h5 Rad8 31. Qf3 Rd2 32. Re2 Rfd8 33. Rce1 Bb4 34. Bb1 h6 35.
Nh4 Rxe2 36. Qxe2 Rd2 37. Qf3 Bc5 38. Re2 Rxe2 39. Qxe2 Bxb3 40. e5 fxe5 41. Qd3
Qf6 42. Qh7# 1-0

[Event "Women's Speed Chess Q3"]
[Site "chess.com INT"]
[Date "2021.05.30"]
[Round "2"]
[White "Mendoza, Shania Mae"]
[Black "Narva, Mai"]
[Result "0-1"]
[WhiteTitle "WFM"]
[BlackTitle "WIM"]
[WhiteElo "2158"]
[BlackElo "2276"]
[WhiteFideId "5211158"]
[BlackFideId "4500512"]
[EventDate "2021.05.30"]

1. e4 c5 2. Nf3 d6 3. g3 Nf6 4. d3 g6 5. Bg2 Bg7 6. O-O O-O 7. h3 Nc6 8. Re1 Rb8
9. c3 b5 10. d4 cxd4 11. cxd4 Bb7 12. Nc3 b4 13. Nb1 a5 14. Bg5 h6 15. Be3 Nxe4
16. Nbd2 Nf6 17. Rc1 a4 18. Nc4 d5 19. Nce5 Nxe5 20. Nxe5 a3 21. b3 Ne4 22. Bxe4
dxe4 23. Nc4 Qd7 24. Qd2 Bd5 25. Kh2 h5 26. Bf4 Rb5 27. Ne3 Rd8 28. Red1 Be6 29.
Rc7 Qe8 30. Nc2 Bf5 31. Qe2 e5 32. dxe5 Rxd1 33. Qxd1 Bxe5 34. Bxe5 Qxe5 35.
Qd8+ Kg7 36. Ne3 Be6 37. Re7 Qf6 38. Qe8 Qxf2+ 39. Ng2 Rd5 40. Rxe6 fxe6 41.
Qxe6 Rd2 42. Qxe4 Rxa2 43. h4 Qxg2+ 44. Qxg2 Rxg2+ 45. Kxg2 a2 46. Kf3 a1=Q 47.
Ke4 Qg1 48. Kd5 Qxg3 49. Kc4 Qxh4+ 50. Kb5 Qg4 51. Ka4 h4 52. Ka5 h3 0-1

[Event "Women's Speed Chess Q3"]
[Site "chess.com INT"]
[Date "2021.05.30"]
[Round "2"]
[White "Bivol, Alina"]
[Black "Eswaran, Ashritha"]
[Result "1-0"]
[WhiteTitle "WGM"]
[BlackTitle "WIM"]
[WhiteElo "2385"]
[BlackElo "2244"]
[WhiteFideId "4100123"]
[BlackFideId "2080788"]
[EventDate "2021.05.30"]

1. e4 c5 2. Nf3 d6 3. g3 e5 4. Bg2 g6 5. c3 Bg7 6. d4 Nd7 7. O-O Ngf6 8. Na3 O-O
9. Re1 exd4 10. cxd4 Re8 11. e5 dxe5 12. dxe5 Nxe5 13. Nxe5 Qxd1 14. Rxd1 Rxe5
15. Bf4 Re8 16. Nb5 Nh5 17. Nc7 Nxf4 18. gxf4 Bg4 19. Nxe8 Rxe8 20. Re1 Rd8 21.
h3 Bf5 22. Rad1 Rxd1 23. Rxd1 Bxb2 24. Bxb7 c4 25. Bd5 c3 26. Bb3 Kg7 27. Kg2 a5
28. Rd8 Ba1 29. Kf3 c2 30. Bxc2 Bxc2 31. Ra8 Bc3 32. Rc8 Bd1+ 33. Ke3 Bb4 34.
Rc7 Ba4 35. Rb7 Bc6 36. Rc7 Bd5 37. h4 Bxa2 38. f5 Be6 39. fxe6 Kf6 40. exf7 Kg7
41. Kd4 a4 42. Kd5 a3 43. Ke6 a2 44. Ra7 Bc3 45. Rxa2 Bb4 46. Ra8 1-0

[Event "Women's Speed Chess Q3"]
[Site "chess.com INT"]
[Date "2021.05.30"]
[Round "2"]
[White "Pham, Le Thao Nguyen"]
[Black "Gevorgyan, Maria"]
[Result "1-0"]
[WhiteTitle "IM"]
[BlackTitle "WGM"]
[WhiteElo "2369"]
[BlackElo "2219"]
[WhiteFideId "12401226"]
[BlackFideId "13300270"]
[EventDate "2021.05.30"]

1. d4 Nf6 2. Nf3 c5 3. c3 g6 4. Bf4 cxd4 5. Nxd4 Bg7 6. Bg3 Nc6 7. e3 O-O 8. Be2
d6 9. O-O Bd7 10. Nd2 Qb6 11. Qb3 Qc7 12. h3 a6 13. Rfd1 e5 14. Nxc6 bxc6 15.
Qc2 Rfb8 16. c4 Bf5 17. e4 Be6 18. Nb1 Nd7 19. Nc3 Nc5 20. f3 Bf8 21. Bf2 Qb6
22. b3 Qc7 23. Bxc5 dxc5 24. Bf1 Qe7 25. Rd3 Qg5 26. Qd2 Qh4 27. Qf2 Qf6 28.
Rad1 Bh6 29. Qxc5 Bf4 30. Qf2 Qg5 31. Kh1 Bg3 32. Qd2 Qh4 33. Ne2 Bf2 34. Ng1
Bb6 35. Qc2 Kg7 36. c5 Bc7 37. R3d2 Qf4 38. Bc4 Re8 39. Bxe6 Rxe6 40. Rd7 Ba5
41. Qc4 Rb8 42. Qxe6 Bc3 43. Qc4 Ba5 44. Ne2 Qe3 45. Qxf7+ Kh6 46. Qxh7+ Kg5 47.
h4+ Kf6 48. Qf7# 1-0